000 01325cam a22003853a 4500
001 12582507
003 OSt
005 20140310184419.0
008 000207s2000 nyua j 000 1 eng d
010 _a 2001579514
020 _a9780590108447
035 _a(OCoLC)ocm43413944
040 _aOCO
_cOCO
_dDLC
042 _alccopycat
050 0 0 _aPZ 7
_b.Ab154Sl 2000
100 1 _aAbbott, Tony,
_d1952-
_926537
245 1 4 _aThe sleeping giant of Goll /
_cby Tony Abbott ; illustrated by Tim Jessell.
260 _aNew York :
_bScholastic,
_c2000
300 _a91 p. :
_bill. ;
_c19 cm.
490 0 _aThe secrets of Droon ;
_v#6
500 _a"A Little Apple paperback."
520 _aThe evil Lord Sparr has used magic to wake up a sleeping giant! Now Eric, Julie, and Neal must join forces with a brave dragon and the Oobja people of Panjibarrh to help save their Droonian friends.
521 _aG2
526 _c380
562 _e2
650 _aMagic
_xJuvenile fiction.
_926538
650 _aMagic
_xFiction.
_926539
651 _aFantasy.
_920927
710 2 _aCopyright Paperback Collection (Library of Congress)
_5DLC
_9705
906 _a7
_bcbc
_ccopycat
_d2
_encip
_f20
_gy-genrareb
942 _2lcc
_cBK-SCHOLAS
999 _c34194
_d34194